| 000 | 00547nam a22001817a 4500 | ||
|---|---|---|---|
| 003 | CEME | ||
| 005 | 20210628203230.0 | ||
| 008 | 210122b xxu||||| |||| 00| 0 eng d | ||
| 020 | _a978007-0265103 | ||
| 040 | _c. | ||
| 082 | _a629.892 FUK | ||
| 100 |
_aFu, K.S, Gonzalez, R.C, Lee, C.S.G _964148 |
||
| 245 | _aRobotics, control,sensing,vision,and intelligence | ||
| 260 |
_aNEW DELHI _bTATA MCGRAW HILL _c2008 |
||
| 300 | _aXI,580P | ||
| 650 |
_aROBOTICS CONTROL.ROBOTICS SENSING.ROBOTICS ,VISION,AND INTELLIGENCE. _964149 |
||
| 942 |
_cBK _2ddc |
||
| 999 |
_c572751 _d572751 |
||